000 00575nam a2200181 i 4500
001 bg
100 1 _aSAWICKI, Antoni
245 0 _aLaboratorium elektrotechnologii /
_cAntoni Sawicki, Ryszard Sosiński ; Politechnika Częstochowska. - Cz. 1.
260 _aCzęstochowa :
_bWydaw. PC,
_c1993.
300 _a250, [1] s. :
_brys., wykr. ;
_c24 cm.
700 1 _aSOSIŃSKI, Ryszard
710 _aPOLITECHNIKA CZĘSTOCHOWSKA (Częstochowa)
040 _cBPK
041 _apol
080 _a621.3:621.791/.795](076)
942 _cKS
008 s pl f |000 0 pol
999 _c6236
_d6236
856 _uhttp://koha.tu.koszalin.pl/cgi-bin/koha/opac-detail.pl?biblionumber=6236
_yKatalog online BPK